Психоанализа (Запис номер 67250)
[ съкратено ]
| 000 -Лидер | |
|---|---|
| Контролно поле с фиксирана дължина | 01823nam a2200397 c 4500 |
| 003 - Код на организацията, давaща контролен номер | |
| Контролно поле | BLK |
| 005 - Дата и час на последна редакция | |
| Контролно поле | 20250710141626.0 |
| 008 - Елементи от данни с фиксирана дължина | |
| fixed length control field | 180408b bul|||||r ||||||| ||bul|| |
| 010 ## - Наследен системен номер | |
| LC control number | KNG00071560000 |
| 020 ## - Международен стандартен номер на книга ISBN | |
| Международен стандартен номер на книга ISBN | 954-474-399-5 |
| -- | издат.: Кибеа |
| 040 ## - Източник на каталожния запис | |
| Идентификатор на билиотеката - собственик на записа | BLK |
| 041 ## - Код за език | |
| Код за езика на текст/звукозапис или на отделно заглавие | Български |
| Код за езика КДБФ | Български |
| 080 ## - УДК | |
| Текстов определител УДК | Психоанализа |
| УДК код - определител по УДК | 159.964.2 |
| УДК определител | (092) |
| УДК - код + определител | 159.964.2(092) |
| 080 ## - УДК | |
| Текстов определител УДК | Психоанализата като лечебно средство |
| УДК код - определител по УДК | 615.851.13 |
| УДК определител | (092) |
| УДК - код + определител | 615.851.13(092) |
| 080 ## - УДК | |
| Текстов определител УДК | Биографии |
| УДК код - определител по УДК | 929 |
| УДК определител | |
| УДК - код + определител | 929 |
| 100 1# - Редна дума - Автор | |
| Автор | Ратнер, Йозеф |
| Авторска отговорност | първи автор |
| R(LIN) | 293346 |
| 139 ## - Редно поле | |
| Редна дума | Ратнер, Йозеф |
| Авторски знак | Рас - Р 38 |
| 245 10 - Сведения за заглавието | |
| Заглавие | Психоанализа |
| Подзаглавни данни | Класиците |
| Редно поле (дума) | Йозеф Ратнер; прев. от нем. Магдалена Христова; науч. ред. Красимира Костадинова Байчинска. |
| 257 ## - Страна на издаване | |
| Страна на създаване/издаване | Германия |
| 260 ## - Област на издателските данни | |
| -- | София |
| Име на издателя, разпространителя и проч. | Кибеа |
| Година на издаване | 2005 |
| Печатница | София : Д. Благоев |
| 300 ## - Физическа характеристика | |
| Страници | 688 с. |
| Размери/Мащаб | 24 см |
| 380 ## - Жанр | |
| Жанр | Философия |
| 490 1# - СЕРИИ (Колекции) | |
| Име на серия | Серия Личности |
| 500 ## - Общи забележки | |
| Забележка | Ориг. загл. Klassiker der Psychoanalyse / Joseph Rattner. - Офс. изд. - Съдържа и За автора ; За книгата. - Библиогр. след отд. материали. |
| 650 #4 - Допълнително описание по предмет – тема | |
| Основно описание – тема или топоним | Психоанализа |
| 9 (RLIN) | 168303 |
| 653 ## - Ключова дума – ненормативна | |
| Ключова дума | психоанализа |
| 653 ## - Ключова дума – ненормативна | |
| Ключова дума | психоаналитици |
| 700 1# - Други автори (авторска отговорност) | |
| Лично име | Христова, Магдалена |
| Автороска отговорност (Описва отношението между автора и произведението) | прев. от нем. |
| 9 (RLIN) | 370805 |
| 700 1# - Други автори (авторска отговорност) | |
| Лично име | Байчинска, Красимира Костадинова |
| Автороска отговорност (Описва отношението между автора и произведението) | науч. ред. |
| 9 (RLIN) | 370808 |
| 852 ## - Местоположение | |
| Форматна сигнатура | Цб 231424 |
| 856 4# - Електронен адрес и достъп | |
| Електронен формат | pdf - файл |
| Път до файла /url/ | |
| 856 4# - Електронен адрес и достъп | |
| Електронен формат | pdf - файл |
| Път до файла /url/ | |
| 942 ## - АРТИКУЛИ | |
| Вид на библиотечния материал | Книги |
| Скрит в OPAC | Не |
| Koha issues (borrowed), all copies | 13 |
| 944 ## - СЪЗДАВАНЕ И РЕДАКЦИЯ на ЗАПИСА | |
| Създаване/Редакция | Създаване |
| Дата на регистрацията/редакция | 13.02.2007 |
| Служител, извършил регистрацията/редакцията | 30576 |
| Статус, дата на статуса | Цветомила Тодорова |
| 944 ## - СЪЗДАВАНЕ И РЕДАКЦИЯ на ЗАПИСА | |
| Създаване/Редакция | Редакция |
| Дата на регистрацията/редакция | 30.10.2008 |
| Служител, извършил регистрацията/редакцията | |
| 999 ## - СИСТЕМНИ КОНТРОЛНИ НОМЕРА | |
| Koha biblionumber | 67250 |
| Koha biblioitemnumber | 67250 |
| Код за отписване | Код за изгубен артикул | Код за повреда | Коз за рестрикции | Код за отдаване | Артикулен № | Име на библиотеката - собственик | Име на библиотеката, в която се намира в момента | Статус (Текущо местоположение) | Дата на вписване в системата | Местоположение - отдел | Цена в лева | Инвентарен номер | Систематично азбучна сигнатура | Баркод | Номер на екземпляра | Цена в евро | Служебна бележка | Служебен тип на артикула | Източник на класификационната схема |
|---|---|---|---|---|---|---|---|---|---|---|---|---|---|---|---|---|---|---|---|
| Не е изгубен | Не е повреден | без рестрикции | ползва се в читалня | 111208 | Регионална библиотека "Любен Каравелов" Русе | Регионална библиотека "Любен Каравелов" Русе | Читалня | 2007-02-13 | Читалня | 28.00 | 120000709611 | Ч 159.9(092)/Р 38 | 120000709611 | 1 | 14.32 | Дост: Pk Вид: Ф N: 1666 Дата: 09.02.2007 Дата инв: 29.03.2017 Бележки инв: Ч2017 | Книги | ||
| Не е изгубен | Не е повреден | без рестрикции | ползва се в читалня | 111209 | Регионална библиотека "Любен Каравелов" Русе | Регионална библиотека "Любен Каравелов" Русе | Хранилище | 2007-05-03 | Хранилище | 28.00 | 120000713080 | Цб 231424 | 120000713080 | 2 | 14.32 | Дост: Dp Вид: Д N: 46 Дата: 18.10.2006 | Книги | ||
| Не е изгубен | Не е повреден | без рестрикции | заемане за дома | 111210 | Регионална библиотека "Любен Каравелов" Русе | Регионална библиотека "Любен Каравелов" Русе | Заемна - подръчен фонд | 2008-10-15 | Заемна - подръчен фонд | 30.00 | 120000730498 | П 159.964(092)/Р 38 | 120000730498 | 3 | 15.34 | Дост: Pk Вид: Ф N: 8703 Дата: 14.10.2008 Дата инв: 02.02.2018 Бележки инв: П2018 | Книги | Universal Decimal Classification | |
| Не е изгубен | Не е повреден | без рестрикции | заемане за дома | 111211 | Регионална библиотека "Любен Каравелов" Русе | Регионална библиотека "Любен Каравелов" Русе | Заемна - подръчен фонд | 2008-10-15 | Заемна - подръчен фонд | 30.00 | 120000730499 | П 159.964.2(092)/Р 38 | 120000730499 | 4 | 15.34 | Дост: Pk Вид: Ф N: 8703 Дата: 14.10.2008 Дата инв: 02.02.2018 Бележки инв: П2018 | Книги | Universal Decimal Classification |